000 00777nam a22001577a 4500
008 200127b xxu||||| |||| 00| 0 eng d
020 _a9789988258245
050 _aDp/KD1013.M63
100 _aDjokoto, Godwin.
245 _aThe law of mortgages in Ghana. /
_cGodwin Djokoto.
260 _aAccra :
_bFrontiers Printing and Publishing,
_c2017.
300 _axix, 244 p. :
_c24 cm.
500 _aIncludes bibliography and index.
505 _aContents: Introduction -- Brief history of mortgages -- Creation of mortgages -- Protection of mortgagor's equity of redemption -- Rights of the mortgagee in the event of the mortgagor's default -- Priority of mortgages -- Transfer of mortgages -- The customary pledge -- Redemption of mortgages -- Mortgage action.
942 _2lcc
_cBK
999 _c6998
_d14498